000
00230nam a2200097Ia 4500
008
190216s9999||||xx |||||||||||||| ||und||
100
_a
Kambaranatha Ayyar E
245
0
_a
Outline Of Zoology
260
_b
Viswanathan S.
942
_c
BK
999
_c
37292
_d
37292